000 00730nam a2200229 a 4500
999 _c11081
_d11081
001 11081
003 BD-JhCC
005 20190728174129.0
008 190628b 2013bg |||| ||a| 000 0 ben d
020 _a9789849068853
035 _a(BD-JhCC)11081
040 _aBD-JhCC
_dBD-JhCC
041 _aben
082 _a153.1
_bAHM 2013
100 _aআহমাদ, মোস্তাক
245 _aআপনিই আপনার সফল নির্মাতা /
_cমোস্তাক আহমাদ ।
260 _aঢাকা:
_bগাজী প্রকাশনী;
_c২০১৩.
300 _a১২৮ পৃঃ . :
_c১৮ সেমি.
650 _aself Motivation
942 _2ddc
_cBK